| 000 | 00933cab a2200265 4500 | ||
|---|---|---|---|
| 001 | WB3345-17 | ||
| 008 | 090401t1997 xxu||||| |||| 00| 0 eng d | ||
| 035 | _a(Sirsi) u82178 | ||
| 041 | _aeng | ||
| 245 | _aLondon`s retail strength confirmed | ||
| 260 | _c1997 | ||
| 350 | _a0 | ||
| 490 |
_aEstates Gazette _v(9746) 15 November 1997, 42(1) |
||
| 520 | _aCentral London retail vacancy rates are at their lowest for fifteen years, with rental growth doubling since 1990 in some areas, according to Hillier Parker`s latest "Central London Shops Survey". | ||
| 650 | _aHILLIER PARKER SURVEY | ||
| 650 | _aLONDON | ||
| 650 | _aRENTAL LEVELS | ||
| 650 | _aPROPERTY-COMMERCIAL PROPERTY-RETAIL PROPERTY-RETAIL PROPERTY MARKET | ||
| 650 | _aRETAIL RENTAL GROWTH | ||
| 650 | _aRETAIL RENTAL MARKET | ||
| 650 | _aVACANCY RATES | ||
| 690 | _aPROPERTY-COMMERCIAL PROPERTY-RETAIL PROPERTY | ||
| 942 | _n0 | ||
| 948 | _c18/11/1997 | ||
| 999 |
_c51841 _d51841 |
||